00780nac a22002171u 4500020001500000082001600015090001500031100003400046245014900080260004400229300002300273500002700296504002000323511002800343650001200371700002100383700002100404942001800425999001500443952010400458 a1420044109 a620.43bMAS c7909d7909 aMasuda, Hiroaki. [ed.]  aPowder Technology: Fundamentals Of Particles, Poweder Beds, and Particle Generation /cEdited By Hiroaki Masuda, Ko Higashitani, Hideto Yoshida. a[New York]:bCRC Press,c.2006.cc.2006. a513p:bill;c25cm. aDistributer: Al-Ahram. aIncludes Index. aCatalogued By: Mahitab. aPowder. aHigashitani, Ko. aYoshida, Hideto. cBBk620.43MAS c7909d7909 00104070aMAINbMAINc1STd2012-02-08ePurchasel0o620.43MASp000009708r2025-07-15 00:00:00yBB